000 00743nam a2200181Ia 4500
008 100921s9999 xx 000 0 und d
082 _b3969
_a808 थ 05
100 _aगोरे गणेश मोरेश्वर.
245 _aप्राकृत अलंकार चंद्रीका.
260 _bकर्नाटक पब्लिकेशन,मुंबई.
_c1905
300 _a132
_b---
365 _b0
520 _aललित- अलंकार,छंद, इ.
630 _aप्राकृत अलंकार चंद्रीका.
650 _aललित- अलंकार,छंद, इ.
730 _aप्राकृत अलंकार चंद्रीका.
942 _cBOOK
999 _c753082
_d753079